U.S. State Mottoes Without Common Words - Statistics

General Stats
  • This quiz has been taken 6 times
  • The average score is 7 of 27
Answer Stats
Motto State % Correct
Sic semper tyrannis ("Thus always to tyrants") Virginia
80%
Eureka ("I have found it") California
60%
North to the future Alaska
40%
The Crossroads of America Indiana
40%
Dirigo ("I lead") Maine
40%
Si quaeris peninsulam amoenam circumspice ("If you seek a pleasant peninsula, look about you") Michigan
40%
Oro y plata ("Gold and silver") Montana
40%
Esse quam videri ("To be, rather than to seem") North Carolina
40%
Industry Utah
40%
Nil sine numine ("Nothing without providence") Colorado
20%
Qui transtulit sustinet ("He who transplanted sustains") Connecticut
20%
Wisdom, Justice, Moderation Georgia
20%
Fatti maschii, parole femine (Manly deeds, womanly words) Maryland
20%
Virtute et armis ("By valor and arms") Mississippi
20%
Crescit eundo ("It grows as it goes") New Mexico
20%
Excelsior ("Ever upward") New York
20%
Alis volat propriis ("She flies with her own wings") Oregon
20%
Hope Rhode Island
20%
Agriculture and Commerce Tennessee
20%
Friendship Texas
20%
Alki ("By and by") Washington
20%
Forward Wisconsin
20%
Esto perpetua ("Let it be perpetual") Idaho
0%
All For Our Country Nevada
0%
Serit ut alteri saeclo prosit ("One sows for the benefit of another age ") North Dakota
0%
Labor omnia vincit ("Labor conquers all things") Oklahoma
0%
Dum spiro spero/Animis opibusque parati ("While I breathe, I hope/Ready in soul and resource") South Carolina
0%
No matching quizzes found
Score Distribution
Percent of People with Each Score
Percentile by Number Answered
Your Score History
You have not taken this quiz